Equipos más jóvenes de LaLiga - Estadísticas

Estadísticas generales
  • Esta prueba ha sido intentada 19 veces
  • La puntuación promedio es 10 de 20
Estadísticas de respuestas
Equipo Edad Media (En años) % Correcto
Barcelona 25,7
100%
Real Madrid 26,2
65%
Real Sociedad 26
59%
Celta de Vigo 26,6
53%
Athletic Club 26,9
47%
Atlético de Madrid 28,2
47%
Girona 28
47%
Mallorca 28
47%
Valencia 27,5
47%
Villarreal 26,4
47%
Alavés 28,1
41%
Betis 28,9
41%
Espanyol 27,2
41%
Getafe 27,9
41%
Osasuna 28,1
41%
Oviedo 28,4
41%
Sevilla 27,8
41%
Elche 26,3
35%
Levante 26,2
35%
Rayo Vallecano 28,7
35%
No se encontraron pruebas coincidentes
Distribución de puntuación
Porcentaje de gente con cada puntuación
Porcentaje por número respondido
Historial de tus puntuaciones
No has intentado esta prueba.